Building services engineering: a review of its development (Record no. 94639)

MARC details
000 -LEADER
fixed length control field 00573cam a2200205 4500
001 - CONTROL NUMBER
control field D1449
008 - FIXED-LENGTH DATA ELEMENTS--GENERAL INFORMATION
fixed length control field 090401t1982 xxu||||| |||| 00| 0 eng d
035 ## - SYSTEM CONTROL NUMBER
System control number (Sirsi) u64082
041 ## - LANGUAGE CODE
Language code of text/sound track or separate title eng
050 ## - LIBRARY OF CONGRESS CALL NUMBER
Classification number 696
100 ## - MAIN ENTRY--PERSONAL NAME
Personal name Billington, Neville S
245 ## - TITLE STATEMENT
Title Building services engineering: a review of its development
260 ## - PUBLICATION, DISTRIBUTION, ETC.
Place of publication, distribution, etc. Oxford
Name of publisher, distributor, etc. Pergamon Press
Date of publication, distribution, etc. 1982
300 ## - PHYSICAL DESCRIPTION
Extent xv. 527p. ill. 25cm
350 ## - PRICE (NR) (BK AM CF MU VM SE) [OBSOLETE]
Price 10
490 ## - SERIES STATEMENT
Series statement International Series on Building Environmental Engineering
Volume/sequential designation Volume 1
700 ## - ADDED ENTRY--PERSONAL NAME
Personal name Roberts, Brian M
942 ## - ADDED ENTRY ELEMENTS (KOHA)
Suppress in OPAC 0
948 ## - LOCAL PROCESSING INFORMATION (OCLC); SERIES PART DESIGNATOR (RLIN)
c (OCLC) 04/03/1997
Holdings
Withdrawn status Lost status Source of classification or shelving scheme Damaged status Not for loan Home library Current library Shelving location Date acquired Cost, normal purchase price Total Checkouts Full call number Barcode Date last seen Copy number Cost, replacement price Price effective from Koha item type
    Dewey Decimal Classification     London London Books 20/08/1991 10.00   696 30023897 06/08/2019 1 10.00 06/08/2019 Book